| 000 | 00622nam a2200217Ia 4500 | ||
|---|---|---|---|
| 003 | OSt | ||
| 005 | 20250129114909.0 | ||
| 008 | 210716s1991 xx 000 0 und d | ||
| 040 | _cAIMIT LIBRARY | ||
| 041 | _aeng | ||
| 082 |
_a006.620288 _21 _bGROM |
||
| 100 |
_aGross, Michael. _9195960 |
||
| 245 |
_aNorton utilities 5 instant reference / _cBy Michael Gross. |
||
| 250 | _a1st ed. | ||
| 260 |
_aNew Delhi : _bBPB Publications , _c1991. |
||
| 300 |
_axiii,162p. ; _bPB _c21.5 cm |
||
| 650 |
_aPrintchar _9195961 |
||
| 650 |
_aDiskmon _9195962 |
||
| 650 |
_aFilefind _9195963 |
||
| 942 |
_2ddc _cBK _e1st _k006.620288 GROM |
||
| 999 |
_c182100 _d182100 |
||